000 00629nam a2200169 a 4500
001 000036008
003 DO-SdBNP
005 20250416125525.0
008 111122q1984 dr a 000 0 spa d
040 _aDO-SdBNP
_bspa
_cBNPHU
245 0 0 _aEligio Pichardo :
_bretrospectiva-homenaje 1929/1984 /
_cpresentación de Rosa Meléndez de Peña Gómez ; introducción por Jeannette Miller.
260 _aSanto Domingo :
_bGalería de Arte Moderno,
_c1984.
300 _a32 p. :
_bil. ;
_c27 cm.
700 1 _aMeléndez de Peña Gómez, Rosa,
_epresent.
_958267
700 1 _aMiller, Jeannette,
_d1944-
_eintrod.
_983484
942 _2ddc
_cLBS1
999 _c35499
_d35499